Urban retrofitting for sustainability : (Record no. 10605)

000 -LEADER
fixed length control field 02118cam a2200325 i 4500
003 - CONTROL NUMBER IDENTIFIER
control field OSt
005 - DATE AND TIME OF LATEST TRANSACTION
control field 20220408151429.0
008 - FIXED-LENGTH DATA ELEMENTS--GENERAL INFORMATION
fixed length control field 131114s2014 enka b 001 0 eng
010 ## - LIBRARY OF CONGRESS CONTROL NUMBER
LC control number 2013027540
020 ## - INTERNATIONAL STANDARD BOOK NUMBER
International Standard Book Number 9780415642514 (hardback)
040 ## - CATALOGING SOURCE
Original cataloging agency DLC
Language of cataloging eng
Transcribing agency DLC
Description conventions rda
Modifying agency DLC
042 ## - AUTHENTICATION CODE
Authentication code pcc
082 00 - DEWEY DECIMAL CLASSIFICATION NUMBER
Classification number 628.028/6
Edition number 23
084 ## - OTHER CLASSIFICATION NUMBER
Classification number ARC010000
-- TEC005000
Source of number bisacsh
245 00 - TITLE STATEMENT
Title Urban retrofitting for sustainability :
Remainder of title mapping the transition to 2050 /
Statement of responsibility, etc edited by Tim Dixon, Malcolm Eames, Miriam Hunt and Simon Lannon.
300 ## - PHYSICAL DESCRIPTION
Extent xvi, 286 pages :
Other physical details illustrations ;
Dimensions 26 cm
504 ## - BIBLIOGRAPHY, ETC. NOTE
Bibliography, etc Includes bibliographical references and index.
520 ## - SUMMARY, ETC.
Summary, etc "With a foreword from Paul King, Chief Executive, UK Green Building Council and Chairman, Zero Carbon HubAs concerns over climate change and resource constraints grow, many cities across the world are trying to achieve a low carbon transition. Although new zero carbon buildings are an important part of the story, in existing cities the transformation of the current building stock and urban infrastructure must inevitably form the main focus for transitioning to a low carbon and sustainable future by 2050. Urban Retrofitting for Sustainability brings together interdisciplinary research contributions from leading international experts to focus on key issues such as systems innovation, financing tools, governance, energy, and water management. The chapters consider not only the knowledge and technical tools available, but looks forward to how they can be implemented in real cities by 2050. "--
650 #0 - SUBJECT ADDED ENTRY--TOPICAL TERM
Topical term or geographic name as entry element Municipal engineering.
650 #0 - SUBJECT ADDED ENTRY--TOPICAL TERM
Topical term or geographic name as entry element Sustainable development.
650 #0 - SUBJECT ADDED ENTRY--TOPICAL TERM
Topical term or geographic name as entry element Cities and towns
General subdivision Energy consumption.
650 #7 - SUBJECT ADDED ENTRY--TOPICAL TERM
Topical term or geographic name as entry element ARCHITECTURE / Urban & Land Use Planning.
Source of heading or term bisacsh
650 #7 - SUBJECT ADDED ENTRY--TOPICAL TERM
Topical term or geographic name as entry element TECHNOLOGY & ENGINEERING / Construction / General.
Source of heading or term bisacsh
700 1# - ADDED ENTRY--PERSONAL NAME
Personal name Dixon, Timothy J.,
Dates associated with a name 1958-
Relator term editor of compilation.
700 1# - ADDED ENTRY--PERSONAL NAME
Personal name Eames, Malcolm.
700 1# - ADDED ENTRY--PERSONAL NAME
Personal name Lannon, Simon.
700 1# - ADDED ENTRY--PERSONAL NAME
Personal name Hunt, Miriam.
856 42 - ELECTRONIC LOCATION AND ACCESS
Materials specified Cover image
Uniform Resource Identifier <a href="http://images.tandf.co.uk/common/jackets/websmall/978041564/9780415642514.jpg">http://images.tandf.co.uk/common/jackets/websmall/978041564/9780415642514.jpg</a>
942 ## - ADDED ENTRY ELEMENTS (KOHA)
Source of classification or shelving scheme
Holdings
Withdrawn status Lost status Source of classification or shelving scheme Damaged status Koha normalized classification for sorting Not for loan Permanent location Current location Date acquired Source of acquisition Cost, normal purchase price Full call number Barcode Date last seen Cost, replacement price Price effective from Koha item type
        628_028000000000000_6   BMS College of Architecture, Design and Planning BMS College of Architecture, Design and Planning 2022-04-08 6 8996.40 628.028/6 AR-PG543 2022-04-08 12852.00 2022-04-08 PG Books
Copyright © 2025, The Librarian, Library and Information Centre, BMSCA D&P, Bengaluru. All Rights Reserved
web counter

Powered by Koha